000 00311 a2200157 4500
001 194251
020 _a978-85-08-02057-7
040 _cMagnum
100 _aFrança, Mary
240 1 0 _aO susto
_lpor
245 1 0 _aO susto
300 _a16
362 0 _a2000
697 _aLITERATURA INFANTIL
942 _cBK
999 _c194251
_d194251